000 00728cam a22002411 4500
001 ne 68002132
003 DLC
005 20260227111842.0
008 901210s19639999ir a b 000 0 perr
010 _ane 68002132
035 _a(OCoLC)22831444
040 _aDLC
_cCU
_dCU
_dDLC
042 _apremarc
050 0 0 _aDS324.M3
_bM3
100 1 _aMahjūrī, Ismāʻīl.
245 1 0 _aTārīkh-i Māzandarān,
_ctaʼlīf-i Ismaʻīl Mahjūrī.
250 _aChāp-i 1.
260 _aSārī,
_bChāp-i As̲ar,
_c1342- [1963 or 4-
300 _av.
_billus.
_c26 cm.
504 _aIncludes bibliography.
505 1 _aJild 1. Vaqāyiʻ-i pīsh az Islām tā sāl-i 750 Hijrī Qamarī.
651 0 _aMāzandarān (Iran)
_xHistory.
999 _c50454
_d50454